| 000 | 00480nam a2200181Ia 4500 | ||
|---|---|---|---|
| 005 | 20250326130136.0 | ||
| 008 | 250326s9999 xx 000 0 und d | ||
| 037 | _aTextbook | ||
| 040 |
_aFMSL _beng _cFMSL |
||
| 041 |
_aeng _2eng |
||
| 084 |
_aX:8 L0 _qFMSL |
||
| 100 |
_aLippitt G L _9737531 |
||
| 245 | 0 |
_aOrganization renewal _cLippitt G L |
|
| 260 |
_aNY _bNY, Meredith Corporation _c1970 |
||
| 300 | _a305p | ||
| 942 |
_cTB _hX:8 L0 |
||
| 999 |
_c1281129 _d1281129 |
||